000 00587nam a2200193 a 4500
001 000011341
005 20240412074225.0
008 091016s1968 dr r 000 p spa d
040 _aDO-SdBNP
_bspa
_cBNPHU
082 _aRD861.44
_bR696g
100 1 _aRodríguez, Bolivar E.
_910308
245 1 0 _aGrito :
_bversos /
_cBolivar E. Rodríguez.
260 _aSanto Domingo :
_bArte y Cine,
_c1968.
300 _a88 p. ;
_c21 cm.
590 _aInventariado, 2018/BT
650 0 _aPoesía dominicana
_966
650 0 _aLiteratura dominicana.
_967
910 _aValidado. Control de calidad. MFF
999 _c11048
_d11048